| 000 | 00415nam a2200169Ia 4500 | ||
|---|---|---|---|
| 003 | 0STCL | ||
| 008 | 150530s9999 xx 000 0 und d | ||
| 040 |
_aSTCL _cSTCL |
||
| 100 | _aState Institute of Language; Trivandrum | ||
| 245 | _aVijnana Sabdavali-2 | ||
| 250 | _aFirst | ||
| 260 |
_bState Institute of Language _c1971 |
||
| 546 | _aEnglish | ||
| 942 |
_2ddc _cBK |
||
| 999 |
_c18331 _d18331 |
||
| 005 | 20220125165824.0 | ||